LIBRARY & INFORMATION CENTRE, KCAET, TAVANUR

ONLINE PUBLIC ACCESS CATALOGUE (OPAC)

Ancient World / (Record no. 7643)

MARC details
000 -LEADER
fixed length control field 00461cam a2200181ua 4500
003 - CONTROL NUMBER IDENTIFIER
control field OSt
008 - FIXED-LENGTH DATA ELEMENTS--GENERAL INFORMATION
fixed length control field 240322b |||||||| |||| 00| 0 eng d
041 ## - LANGUAGE CODE
Language code of text/sound track or separate title eng
082 ## - DEWEY DECIMAL CLASSIFICATION NUMBER
Classification number 930
Item number SCR/AN
100 ## - MAIN ENTRY--AUTHOR NAME
Personal name Scramuzza, Vincent M .
245 ## - TITLE STATEMENT
Title Ancient World /
250 ## - EDITION STATEMENT
Edition statement 1 /
260 ## - PUBLICATION, DISTRIBUTION, ETC. (IMPRINT)
Place of publication New York :
Name of publisher Holt, Rinchest and Winston ,
Year of publication 1958.
300 ## - PHYSICAL DESCRIPTION
Number of Pages 779 ; .
650 ## - SUBJECT ADDED ENTRY--TOPICAL TERM
Topical Term Ancient history
700 1# - ADDED ENTRY--PERSONAL NAME
Personal name Mackendrik, Paul L .
942 ## - ADDED ENTRY ELEMENTS (KOHA)
Koha item type Books
Holdings
Withdrawn status Lost status Damaged status Home library Current library Date acquired Full call number Accession Number Koha item type
      KAUAET KAUAET 07/04/2012 930 SCR/AN 708 Reference
free website counter